000 00550 a2200169 4500
003 OSt
005 20240129123052.0
008 240129b |||||||| |||| 00| 0 eng d
040 _coclc
082 _a894.812
_bVAL/M
100 _aVallikunnu, Balakrishnan
_91906
245 _aMalappuram Padapattu:
_bPaadavum Padanavum /
_cBalakrishnan Vallikunnu
250 _a1st ed.
260 _aKondotty:
_bMahakavi Moyinkutty Vaidyar Mappila Kala Academy,
_c2016.
300 _a288p.
942 _2ddc
_cBK
_h894.812
_iVAL/M
_k894.812
_mVAL/M
999 _c43346
_d43346